Tamil Nadu Moter Vehicle Rules 1989 / (Record no. 24917)

MARC details
000 -LEADER
fixed length control field 00798nam a22002057a 4500
008 - FIXED-LENGTH DATA ELEMENTS--GENERAL INFORMATION
fixed length control field 090305t xxu||||| |||| 00| 0 eng d
010 ## - LCCN (DPL NO)
LC control number ENG-93093
020 ## - INTERNATIONAL STANDARD BOOK NUMBER
Terms of availability 250.00
035 ## - SYSTEM CONTROL NUMBER
System control number EN-76626
037 ## - SOURCE OF ACQUISITION
Source of stock number/acquisition DBAD / PUB
040 ## - CATALOGING SOURCE
Original cataloging agency dpl
Language of cataloging English
082 ## - DEWEY DECIMAL CLASSIFICATION NUMBER
Classification number 343.540944
245 ## - TITLE STATEMENT
Title Tamil Nadu Moter Vehicle Rules 1989 /
Statement of responsibility, etc compiled by Ajmal Khan...[et al]
260 ## - PUBLICATION, DISTRIBUTION, ETC. (IMPRINT)
Place of publication, distribution, etc Madurai
Name of publisher, distributor, etc Account Test Centre
Date of publication, distribution, etc 2008
270 ## - ADDRESS
Address P.B. No. 777, No. 1, Convent Lane, Kamarajar Salai,
City Madurai
Postal code 625009
300 ## - PHYSICAL DESCRIPTION
Extent 318p.
Dimensions 24cm (pbk)
700 ## - ADDED ENTRY--PERSONAL NAME
Personal name Ajmal Khan
942 ## - ADDED ENTRY ELEMENTS (KOHA)
Source of classification or shelving scheme Dewey Decimal Classification
Item type English Books
Call number suffix TAM
Classification part 343.540944
Holdings
Withdrawn status Lost status Source of classification or shelving scheme Damaged status Not for loan Collection code Home library Current library Date acquired Source of acquisition Cost, normal purchase price Total Checkouts Full call number Barcode Date last seen Copy number Cost, replacement price Koha item type
    Dewey Decimal Classification   Not For Loan Non-fiction D.B.Act.Division D.B.Act.Division 05/03/2009 DBAD / PUB 250.00   343.540944 TAM EN-76626 05/03/2009 1 250.00 English Books

© Delhi Public Library
Hit Counter
free hit counter